<?xml version="1.0" encoding="UTF-8"?>
<record
    xmlns:xsi="http://www.w3.org/2001/XMLSchema-instance"
    xsi:schemaLocation="http://www.loc.gov/MARC21/slim http://www.loc.gov/standards/marcxml/schema/MARC21slim.xsd"
    xmlns="http://www.loc.gov/MARC21/slim">

  <leader>00868nam a2200229 a 4500</leader>
  <controlfield tag="001">1999</controlfield>
  <controlfield tag="003">CDMR</controlfield>
  <controlfield tag="005">20131113135255.0</controlfield>
  <controlfield tag="008">130130s1994||||||||||||||||||||||||||||d</controlfield>
  <datafield tag="020" ind1=" " ind2=" ">
    <subfield code="a">847585625X</subfield>
  </datafield>
  <datafield tag="040" ind1=" " ind2=" ">
    <subfield code="a">CDMR</subfield>
    <subfield code="b">cat</subfield>
    <subfield code="c">CDMR</subfield>
  </datafield>
  <datafield tag="100" ind1="1" ind2=" ">
    <subfield code="a">Diezhandino, Mar&#xED;a Pilar</subfield>
    <subfield code="9">1492</subfield>
  </datafield>
  <datafield tag="245" ind1="1" ind2="3">
    <subfield code="a">La elite de los periodistas</subfield>
    <subfield code="b">: c&#xF3;mo son, que piensan, de qu&#xE9; forma entienden la profesi&#xF3;n, qui&#xE9;n les presiona y cu&#xE1;les son las aficiones de los periodistas m&#xE1;s importantes</subfield>
    <subfield code="c">Mar&#xED;a Pilar Diezhandino, Ofa Bezunartea, C&#xE9;sar Coca</subfield>
  </datafield>
  <datafield tag="260" ind1=" " ind2=" ">
    <subfield code="a">Bilbao</subfield>
    <subfield code="c">1994</subfield>
    <subfield code="b">Universidad del Pa&#xED;s Vasco</subfield>
  </datafield>
  <datafield tag="300" ind1=" " ind2=" ">
    <subfield code="a">236 p.</subfield>
  </datafield>
  <datafield tag="490" ind1="0" ind2=" ">
    <subfield code="a">Comunicaci&#xF3;n (Universidad del Pa&#xED;s Vasco)</subfield>
    <subfield code="v">2</subfield>
  </datafield>
  <datafield tag="650" ind1="0" ind2="4">
    <subfield code="9">3782</subfield>
    <subfield code="a">Periodistes</subfield>
    <subfield code="x">Pr&#xE0;ctica professional</subfield>
  </datafield>
  <datafield tag="650" ind1="0" ind2="4">
    <subfield code="9">3726</subfield>
    <subfield code="a">Periodistes</subfield>
    <subfield code="z">Espanya</subfield>
  </datafield>
  <datafield tag="700" ind1="1" ind2=" ">
    <subfield code="9">2178</subfield>
    <subfield code="a">Bezunartea, Ofa</subfield>
  </datafield>
  <datafield tag="700" ind1="1" ind2=" ">
    <subfield code="9">3688</subfield>
    <subfield code="a">Coca, C&#xE9;sar</subfield>
  </datafield>
  <datafield tag="942" ind1=" " ind2=" ">
    <subfield code="c">MON</subfield>
    <subfield code="2">udc</subfield>
  </datafield>
  <datafield tag="999" ind1=" " ind2=" ">
    <subfield code="c">1999</subfield>
    <subfield code="d">1999</subfield>
  </datafield>
  <datafield tag="952" ind1=" " ind2=" ">
    <subfield code="0">0</subfield>
    <subfield code="1">0</subfield>
    <subfield code="4">0</subfield>
    <subfield code="7">0</subfield>
    <subfield code="a">CDMR</subfield>
    <subfield code="b">CDMR</subfield>
    <subfield code="d">2013-01-16</subfield>
    <subfield code="l">0</subfield>
    <subfield code="o">Ci 8/16</subfield>
    <subfield code="p">CDMR13119722</subfield>
    <subfield code="r">2013-01-16</subfield>
    <subfield code="w">2013-01-16</subfield>
    <subfield code="y">MON</subfield>
  </datafield>
</record>
